Visualizzazione normale
Vista MARC
- Dinouart Joseph-Antoine-Toussaint
di Personal Name
Records bibliografici associati: 1
001 - CONTROL NUMBER
- control field: 56488
003 - CONTROL NUMBER IDENTIFIER
- control field: IT-RoPau
005 - DATE AND TIME OF LATEST TRANSACTION
- control field: 20170530165412.0
008 - FIXED-LENGTH DATA ELEMENTS
- fixed length control field: 170530|| aca||aabn | a|a d
040 ## - CATALOGING SOURCE
- Original cataloging agency: IT-RoPau
- Transcribing agency: IT-RoPau
100 ## - HEADING--PERSONAL NAME
- Personal name: Dinouart Joseph-Antoine-Toussaint
670 ## - SOURCE DATA FOUND
- Source citation: Work cat.: (IT-RoPau): Dinouart Joseph-Antoine-Toussaint, Il trionfo del sesso femminile, 2016